Statistics for Top Olive Oil Producing Countries

Click here to take the quiz!

General Stats

  • This quiz has been taken 69,292 times
    (16,175 since last reset)
  • The average score is 16 of 20

Answer Stats

AmountCountry% Correct
339Italy
98%
293Greece
96%
1492Spain
96%
222Turkey
91%
34.7Egypt
90%
229Portugal
90%
195Morocco
88%
12.0Israel
87%
16.0United States
87%
71.0Algeria
85%
144Tunisia
82%
17.0Libya
81%
104Syria
79%
17.1Lebanon
76%
7.03Iran
75%
23.4Jordan
73%
11.5Albania
64%
22.6Australia
58%
30.0Argentina
54%
24.8Chile
50%

Score Distribution

Percentile by Number Answered

Percent of People with Each Score

Your Score History

You have not taken this quiz since the last reset